Match Genshin character and their special dish (V.6.6) - Statistics

General Stats
  • This quiz has been taken 34 times
    9 since last reset
  • The average score is 47 of 113
Answer Stats
Hint Answer % Correct
E34mqSU.jpg Aino
75%
wo4ReU6.jpg Amber
75%
7wDyMYT.jpg Chiori
75%
rwGLoxz.jpg Diona
75%
2VGy2EC.jpg Ifa
75%
rw90FCj.jpg Kaedehara Kazuha
75%
Blt7fur.jpg Kamisato Ayato
75%
rCaq0VT.jpg Mona
75%
MMnqncp.jpg Noelle
75%
lcbv8My.jpg Yae Miko
75%
BTCOi54.jpg Arataki Itto
50%
OfXyyYE.jpg Barbara
50%
meIIKDu.jpg Beidou
50%
KFpGRnD.jpg Bennett
50%
5goPPHn.jpg Citlali
50%
iPwbpiP.jpg Columbina
50%
BvAx00w.jpg Cyno
50%
zHAO5DF.jpg Diluc
50%
s4iuQZ8.jpg Dori
50%
3R3HF4F.jpg Escoffier
50%
2MMYM4a.jpg Fischl
50%
KV5vvQM.jpg Flins
50%
0crjM48.jpg Freminet
50%
lA8aDJs.jpg Furina
50%
WEufpba.jpg Gaming
50%
3jHcnhf.jpg Ganyu
50%
1tL8fpA.jpg Gorou
50%
ng8p8wK.jpg Hu Tao
50%
sS0tk7f.jpg Illuga
50%
GguLHQk.jpg Ineffa
50%
kwpx00C.jpg Jahoda
50%
ey15hC2.jpg Jean
50%
9fyjvFn.jpg Kachina
50%
zqPcqBz.jpg Kaeya
50%
FvDrofz.jpg Kamisato Ayaka
50%
VbwjWAe.jpg Kinich
50%
E2SgVTM.jpg Kirara
50%
wmXOzDu.jpg Klee
50%
FsIkAx7.jpg Lan Yan
50%
qT8Neec.jpg Lauma
50%
yt9gvr4.jpg Linnea
50%
mXyAyl7.jpg Lynette
50%
5LZYkGf.jpg Lyney
50%
5DCGowQ.jpg Mavuika
50%
k7FqUhk.jpg Navia
50%
peOc1EK.jpg Nefer
50%
McBX5rw.jpg Ningguang
50%
VDB1LLn.jpg Ororon
50%
L0VBC93.jpg Prune
50%
MMAHNvm.jpg Razor
50%
WhC75ac.jpg Rosaria
50%
J7DiGey.jpg Sangonomiya Kokomi
50%
BXySSsm.jpg Sayu
50%
DCOhOCV.jpg Sigewinne
50%
sqpmM4M.jpg Skirk
50%
6UBc3Yo.jpg Thoma
50%
tuLsM3l.jpg Varesa
50%
ulPAu06.jpg Varka
50%
Ez5sBds.jpg Wanderer
50%
pWC4IWZ.jpg Wriothesley
50%
IdeonBs.jpg Xiangling
50%
MP5X9oj.jpg Xilonen
50%
hdyEJKT.jpg Xingqiu
50%
IxIjiID.jpg Xinyan
50%
RqJx3Ja.jpg Yoimiya
50%
BM8O21v.jpg Yumemizuki Mizuki
50%
D4YBJ5T.jpg Albedo
25%
Fk89sR3.jpg Alhaitham
25%
COt1g61.jpg Aloy
25%
0rpNXwz.jpg Arlecchino
25%
wlU6eFv.jpg Baizhu
25%
y88mOUa.jpg Candace
25%
ga6waM6.jpg Charlotte
25%
wiSygfO.jpg Chasca
25%
XEHzJql.jpg Chevreuse
25%
pfqhPVu.jpg Chongyun
25%
QZzo6FP.jpg Clorinde
25%
rHSoZDx.jpg Collei
25%
gxOlzLp.jpg Dahlia
25%
9kIAMHr.jpg Dehya
25%
zYkxX5g.jpg Durin
25%
d3ikjND.jpg Emilie
25%
6DJ2ozm.jpg Eula
25%
7WamrAE.jpg Faruzan
25%
z9JIpbe.jpg Iansan
25%
cbogCof.jpg Kaveh
25%
KSccAzi.jpg Keqing
25%
svqMFVu.jpg Kujou Sara
25%
3JUdooJ.jpg Kuki Shinobu
25%
5rzD6lM.jpg Layla
25%
9OvgKzk.jpg Lisa
25%
5nETTJ6.jpg Mika
25%
sk7Qjzy.jpg Mualani
25%
0IwjuJn.jpg Nahida
25%
lv3BYov.jpg Neuvillette
25%
cIjNEde.jpg Nicole
25%
4N0XEIr.jpg Nilou
25%
S0AHWxX.jpg Qiqi
25%
uUS9q6H.jpg Sethos
25%
vbnqYd1.jpg Shenhe
25%
JHFYdqa.jpg Shikanoin Heizou
25%
EZ3sun5.jpg Sucrose
25%
UVsEP0W.jpg Tartaglia
25%
N7Txgr0.jpg Tighnari
25%
fZwNl1d.jpg Venti
25%
GoxhM0P.jpg Xianyun
25%
KeTtuBd.jpg Xiao
25%
dnqmxeA.jpg Yanfei
25%
BFhapgp.jpg Yaoyao
25%
Mzg7PHi.jpg Yelan
25%
gCSjNy7.jpg Yun Jin
25%
8Q84JYD.jpg Zhongli
25%
PNp1Mf4.jpg Zibai
25%
No matching quizzes found
Score Distribution
Percent of People with Each Score
Percentile by Number Answered
Your Score History
You have not taken this quiz since the last reset